[Event "C.to Mondiale U18"]
[Site "Iraklio GRE"]
[Date "2004.11.12"]
[Round "10"]
[White "Ronchetti, Niccolo'"]
[Black "Netzer, Jean"]
[Result "0-1"]
[WhiteElo "2304"]
[BlackElo "2361"]
[PlyCount "118"]
[EventDate "2004.11.04"]

1. e4 c5 2. Nf3 e6 3. c3 d5 4. e5 d4 5. Bd3 Bd7 6. O-O Bc6 7. Re1 g5 8. h3 h5
9. Be4 g4 10. Nh2 gxh3 11. g3 Ne7 12. d3 Bxe4 13. Rxe4 Nf5 14. c4 Nc6 15. Bf4
Qc7 16. Nd2 O-O-O 17. Nhf3 Be7 18. Kh2 Rdg8 19. Kxh3 Rg6 20. Qe2 Qd8 21. Nh2
Qg8 22. a3 Kb8 23. Ndf3 a5 24. b3 Bf8 25. Rg1 Be7 26. Qd2 Qh7 27. Qe1 Rhg8 28.
Qe2 Bd8 29. Qd2 Bc7 30. Qe2 Qg7 31. Qe1 Kc8 32. Qe2 Kd7 33. Qe1 Qf8 34. Qe2 Qb8
35. Qe1 b6 36. Qe2 Kc8 37. Qe1 Kb7 38. Qe2 Ka7 39. Qe1 Qd8 40. Qe2 Rg4 41. Qe1
Qf8 42. Nd2 R4g6 43. Ndf3 Qg7 44. Qe2 Rg4 45. Nd2 Rh4+ 46. Kg2 Rxf4 47. Rxf4
Nxg3 48. Qf3 Nf5+ 49. Rg4 hxg4 50. Qxc6 Qxe5 51. Ndf1 Qf4 52. b4 Rh8 53. bxa5
bxa5 54. Qxc5+ Kb8 55. Qb5+ Kc8 56. Qc6 Nh4+ 57. Kh1 Nf3 58. Rg3 Rxh2+ 59. Nxh2
Qc1+ 0-1

[Event "C.to Mondiale U18"]
[Site "Iraklio GRE"]
[Date "2004.11.13"]
[Round "11"]
[White "Meier, Georg"]
[Black "Ronchetti, Niccolo'"]
[Result "1-0"]
[WhiteElo "2352"]
[BlackElo "2304"]
[PlyCount "99"]
[EventDate "2004.11.04"]

1. Nf3 Nf6 2. g3 d5 3. Bg2 c6 4. O-O Bf5 5. d3 h6 6. Nbd2 e6 7. b3 Nbd7 8. Bb2
Be7 9. e4 dxe4 10. dxe4 Bh7 11. Qe2 Nc5 12. Ne5 O-O 13. Rad1 Qc7 14. f4 Rad8
15. Kh1 Rfe8 16. g4 Nfd7 17. Nef3 Bd6 18. e5 Be7 19. Nc4 Nb6 20. Nd6 Rf8 21.
Bd4 Ncd7 22. c4 c5 23. Bb2 Nc8 24. Nb5 Qb6 25. g5 Nb8 26. gxh6 gxh6 27. Rg1 Bg6
28. f5 Bxf5 29. Qe3 Rxd1 30. Rxd1 Kg7 31. Nd6 Bg6 32. Bc1 Nxd6 33. exd6 Bf6 34.
Qxh6+ Kg8 35. Nh4 Bg7 36. Qf4 Bh7 37. Qg3 Kh8 38. Bg5 f6 39. Bf4 Rd8 40. Ng6+
Kg8 41. Ne7+ Kf7 42. Qh3 Bc2 43. Qh5+ Kf8 44. Rd2 Bb1 45. Qd1 Bh7 46. Qh5 Bb1
47. Bh3 f5 48. Qg6 Be4+ 49. Kg1 Nd7 50. Qxe6 1-0

[Event "C.to Mondiale U16"]
[Site "Iraklio GRE"]
[Date "2004.11.05"]
[Round "2"]
[White "Brunello, Sabino"]
[Black "Lenic, Luka"]
[Result "0-1"]
[WhiteElo "2258"]
[BlackElo "2434"]
[PlyCount "104"]
[EventDate "2004.11.04"]

1. e4 c5 2. Nf3 Nc6 3. Nc3 g6 4. d4 cxd4 5. Nxd4 Bg7 6. Be3 Nf6 7. Bc4 Qa5 8.
f3 Qb4 9. Bb3 Nxe4 10. Nxc6 Bxc3+ 11. bxc3 Qxc3+ 12. Ke2 dxc6 13. Qg1 Qf6 14.
Bd4 e5 15. Bb2 Nd6 16. Qc5 O-O 17. Rhe1 b6 18. Bxe5 Ba6+ 19. c4 Rfe8 20. Kf1
Nxc4 21. Bxf6 bxc5 22. Kf2 Nb6 23. Bc2 Nd5 24. Bg5 Nb4 25. Rxe8+ Rxe8 26. Bd1
Bc4 27. a3 Nd3+ 28. Kg3 Bd5 29. Bf6 Rb8 30. Bc2 c4 31. Bd4 c5 32. Bc3 Be6 33.
h4 f5 34. Kh2 f4 35. Kg1 Kf7 36. Kf1 h6 37. Ke2 Bf5 38. Kd2 Rd8 39. Ke2 Rb8 40.
Kd2 Ke6 41. Rh1 h5 42. Ra1 Rd8 43. Ke2 Ne5 44. Ba4 Rd3 45. Bd2 c3 46. Bxf4 Rd4
47. Bb3+ c4 48. Bxe5 Kxe5 49. Ba4 Kf4 50. Rc1 Rd2+ 51. Ke1 Bd3 52. Rxc3 Ke3 0-1

[Event "C.to Mondiale U16"]
[Site "Iraklio GRE"]
[Date "2004.11.13"]
[Round "11"]
[White "Brunello, Sabino"]
[Black "Braun, Arik"]
[Result "1-0"]
[WhiteElo "2258"]
[BlackElo "2480"]
[PlyCount "83"]
[EventDate "2004.11.04"]

1. e4 c5 2. Nf3 e6 3. d4 cxd4 4. Nxd4 a6 5. Bd3 Bc5 6. Nb3 Ba7 7. O-O Ne7 8. c4
Nbc6 9. Nc3 d6 10. Bf4 Ng6 11. Bg3 e5 12. Kh1 h5 13. f3 Nf4 14. Nd5 Ne6 15. Bf2
a5 16. Bxa7 Rxa7 17. Rf2 a4 18. Nd2 Nc5 19. Nb1 Nd4 20. Nbc3 g5 21. Bf1 Nce6
22. Nxa4 Nf4 23. Nac3 Be6 24. Rd2 Ra5 25. a4 Bxd5 26. cxd5 g4 27. g3 Ng6 28.
fxg4 h4 29. gxh4 Qxh4 30. Nb5 Rxb5 31. axb5 Ke7 32. Ra3 Nf4 33. Kg1 Rg8 34. Rg3
Qh7 35. Rxd4 exd4 36. Qxd4 Rh8 37. h3 Ng6 38. Qb6 Ne5 39. Qc7+ Nd7 40. e5 dxe5
41. d6+ Ke6 42. Bc4+ 1-0

[Event "Autunno Scacchistico Magistrale"]
[Site "Venezia ITA"]
[Date "2004.10.29"]
[Round "1"]
[White "Alberton, Roberto"]
[Black "Miladinovic, Igor"]
[Result "0-1"]
[WhiteElo "2125"]
[BlackElo "2611"]
[PlyCount "48"]
[EventDate "2004.10.29"]

1. d4 d5 2. c4 Nc6 3. Nf3 Bg4 4. cxd5 Bxf3 5. dxc6 Bxc6 6. Nc3 e6 7. e4 Bb4 8.
f3 Qh4+ 9. g3 Qf6 10. Bg2 O-O-O 11. Be3 Ba5 12. Qd2 Qg6 13. O-O-O f5 14. d5
exd5 15. exf5 Qxf5 16. Bd4 Nf6 17. a3 Rhe8 18. b4 Bb6 19. b5 Bd7 20. Bxb6 axb6
21. Rhe1 Rxe1 22. Qxe1 d4 23. Rxd4 Qc5 24. Qe3 Nd5 0-1

[Event "Autunno Scacchistico Magistrale"]
[Site "Venezia ITA"]
[Date "2004.10.29"]
[Round "1"]
[White "Bdair, Bilal"]
[Black "Navarro, Stefano"]
[Result "0-1"]
[WhiteElo "2004"]
[BlackElo "2177"]
[PlyCount "62"]
[EventDate "2004.10.29"]

1. d4 d5 2. c4 e6 3. Nc3 c6 4. cxd5 exd5 5. Qc2 Nf6 6. Bg5 Be7 7. e3 Nbd7 8.
Bd3 O-O 9. Nge2 Re8 10. O-O Nf8 11. f3 Ng6 12. e4 dxe4 13. fxe4 Bg4 14. Kh1
Bxe2 15. Nxe2 Nxe4 16. Be3 Nf6 17. Rf3 Nd5 18. Bd2 Bg5 19. Raf1 Bxd2 20. Qxd2
Nf6 21. Qg5 Qd5 22. Rf5 Qd6 23. Bc4 Re7 24. a4 Rae8 25. h4 Rxe2 26. h5 Rc2 27.
Bd3 Rxb2 28. hxg6 hxg6 29. R5f4 Qd5 30. Qxd5 cxd5 31. g4 Re7 0-1

[Event "Autunno Scacchistico Magistrale"]
[Site "Venezia ITA"]
[Date "2004.10.29"]
[Round "1"]
[White "Bianchi, Andrea"]
[Black "Gonzales, Guillermo"]
[Result "1-0"]
[WhiteElo "2130"]
[BlackElo "1976"]
[PlyCount "67"]
[EventDate "2004.10.29"]

1. e4 c5 2. Nf3 d6 3. d4 cxd4 4. Qxd4 Bd7 5. c4 Nc6 6. Qd2 Nf6 7. Nc3 g6 8. b3
Bg7 9. Bb2 O-O 10. a3 Na5 11. Qc2 Rc8 12. Nd2 Be6 13. Be2 a6 14. O-O Rc7 15. f4
Nc6 16. Qd3 Ng4 17. Nd1 f5 18. Bxg4 Bxb2 19. Nxb2 fxg4 20. Qe3 Qd7 21. Nd3 b5
22. Rac1 bxc4 23. Nxc4 Bxc4 24. Rxc4 Na7 25. Rxc7 Qxc7 26. f5 Qc2 27. Qxa7 Qxd3
28. Qxe7 Qd4+ 29. Kh1 Qf6 30. Qb7 gxf5 31. Qd5+ Kg7 32. exf5 Rb8 33. Qc4 h5 34.
Qc7+ 1-0

[Event "Autunno Scacchistico Magistrale"]
[Site "Venezia ITA"]
[Date "2004.10.29"]
[Round "1"]
[White "Boricsev, Oleg"]
[Black "Fattorelli, Luciano"]
[Result "1-0"]
[WhiteElo "2396"]
[BlackElo "2107"]
[PlyCount "53"]
[EventDate "2004.10.29"]

1. e4 d6 2. d4 Nf6 3. Nc3 g6 4. Nf3 Bg7 5. Be2 O-O 6. O-O c6 7. a4 Nbd7 8. a5
Qc7 9. h3 e5 10. dxe5 dxe5 11. Be3 Rd8 12. Qc1 Nf8 13. Rd1 Rxd1+ 14. Qxd1 Ne6
15. Bc4 Bf8 16. Qe2 Bb4 17. Ng5 Nxg5 18. Bxg5 Ne8 19. Rd1 Be7 20. Bxe7 Qxe7 21.
Qd3 Kf8 22. Na4 Ng7 23. Qc3 f6 24. b4 Be6 25. Nc5 Bxc4 26. Qxc4 b6 27. Rd7 1-0

[Event "Autunno Scacchistico Magistrale"]
[Site "Venezia ITA"]
[Date "2004.10.29"]
[Round "1"]
[White "Caligara, Roberto"]
[Black "Pfeifer, Andreas"]
[Result "1/2-1/2"]
[WhiteElo "1939"]
[BlackElo "2129"]
[PlyCount "63"]
[EventDate "2004.10.29"]

1. e4 e6 2. d4 c5 3. Nf3 cxd4 4. c3 a6 5. cxd4 d6 6. Bd3 e5 7. h3 Nc6 8. d5
Nce7 9. Nc3 g6 10. a4 f5 11. Bg5 h6 12. Bxe7 Bxe7 13. Qe2 Nf6 14. Nh4 f4 15.
Nxg6 Rg8 16. Nxe7 Kxe7 17. Qf3 Rg5 18. g3 fxg3 19. fxg3 Nh5 20. O-O-O Nxg3 21.
Rhf1 Nxf1 22. Rxf1 Qg8 23. Qf6+ Kd7 24. Be2 Kc7 25. Qe7+ Bd7 26. Rf6 Rd8 27.
Qxd6+ Kc8 28. Qc5+ Kb8 29. Rxa6 Rg1+ 30. Kc2 bxa6 31. Qb6+ Ka8 32. Qxa6+
1/2-1/2

[Event "Autunno Scacchistico Magistrale"]
[Site "Venezia ITA"]
[Date "2004.10.29"]
[Round "1"]
[White "Del Monaco, Andrea"]
[Black "Cedriano, Filippo"]
[Result "1-0"]
[WhiteElo "2218"]
[BlackElo "2062"]
[PlyCount "47"]
[EventDate "2004.10.29"]

1. e4 c5 2. Nc3 g6 3. f4 Bg7 4. Nf3 e6 5. g3 Ne7 6. Bg2 Nbc6 7. O-O O-O 8. d3
d6 9. Bd2 Rb8 10. Rb1 b5 11. a3 a5 12. Kh1 b4 13. axb4 axb4 14. Ne2 Qc7 15. g4
f5 16. gxf5 gxf5 17. Ng3 e5 18. fxe5 Nxe5 19. Nh5 fxe4 20. Nxe5 Rxf1+ 21. Qxf1
Bxe5 22. Nf6+ Bxf6 23. Qxf6 d5 24. Bf4 1-0

[Event "Autunno Scacchistico Magistrale"]
[Site "Venezia ITA"]
[Date "2004.10.29"]
[Round "1"]
[White "Doric, Darko"]
[Black "Bonafede, Alessandro"]
[Result "1-0"]
[WhiteElo "2324"]
[BlackElo "2103"]
[PlyCount "45"]
[EventDate "2004.10.29"]

1. d4 f5 2. Bg5 g6 3. Nd2 Bg7 4. e4 fxe4 5. Nxe4 d5 6. Nc5 b6 7. Nb3 Nf6 8. Nf3
O-O 9. c3 Qd6 10. Be2 Nc6 11. O-O Ne4 12. Bh4 Bf5 13. Nfd2 Nxd2 14. Qxd2 Rae8
15. Bg3 Qd7 16. Bb5 Ra8 17. Qe2 Rf7 18. Rfc1 Bh6 19. Re1 Bg7 20. a4 g5 21. a5
Bg6 22. c4 a6 23. axb6 1-0

[Event "Autunno Scacchistico Magistrale"]
[Site "Venezia ITA"]
[Date "2004.10.29"]
[Round "1"]
[White "Fantini, Lorenzo"]
[Black "Kasparov, Sergey"]
[Result "0-1"]
[WhiteElo "2117"]
[BlackElo "2468"]
[PlyCount "62"]
[EventDate "2004.10.29"]

1. e4 c6 2. d4 d5 3. Nc3 dxe4 4. Nxe4 Bf5 5. Ng3 Bg6 6. Nf3 Nd7 7. Bd3 e6 8.
Be3 Ngf6 9. Qe2 Qa5+ 10. Bd2 Qb6 11. Bxg6 hxg6 12. Rb1 Be7 13. O-O a5 14. Rfe1
O-O 15. Bg5 Rfe8 16. Ne4 Rad8 17. c3 Rc8 18. Red1 Qd8 19. Rd3 b5 20. a3 Nxe4
21. Bxe7 Nxc3 22. Rxc3 Qxe7 23. Rbc1 Qd6 24. Qe4 Nf6 25. Qh4 Red8 26. Ne5 g5
27. Qxg5 Qxd4 28. Rd3 Qxb2 29. Rg3 Nh5 30. Nxf7 Nxg3 31. Nxd8 Qxc1+ 0-1

[Event "Autunno Scacchistico Magistrale"]
[Site "Venezia ITA"]
[Date "2004.10.29"]
[Round "1"]
[White "Foglia, Maurizio"]
[Black "Lain, Luigi"]
[Result "1/2-1/2"]
[WhiteElo "2075"]
[BlackElo "2262"]
[PlyCount "49"]
[EventDate "2004.10.29"]

1. Nf3 d5 2. b3 c5 3. Bb2 f6 4. e3 Nc6 5. d4 Bg4 6. Be2 e6 7. O-O Bd6 8. Nbd2
Nge7 9. c4 cxd4 10. Nxd4 Bxe2 11. Qxe2 Nxd4 12. exd4 Kf7 13. Rfe1 Qd7 14. Nf3
Rae8 15. Qd3 g5 16. Re2 Bb8 17. Rae1 Ng6 18. g3 h5 19. Nd2 h4 20. Nf1 f5 21.
cxd5 Qxd5 22. Ne3 Qf3 23. d5 hxg3 24. fxg3 Rxh2 25. Kxh2 1/2-1/2

[Event "Autunno Scacchistico Magistrale"]
[Site "Venezia ITA"]
[Date "2004.10.29"]
[Round "1"]
[White "Gallo, Enrico"]
[Black "Cereda, Loris"]
[Result "0-1"]
[WhiteElo "2159"]
[BlackElo "2002"]
[PlyCount "66"]
[EventDate "2004.10.29"]

1. e4 e5 2. Nf3 Nc6 3. Bb5 a6 4. Ba4 Nf6 5. O-O Be7 6. Re1 b5 7. Bb3 d6 8. c3
O-O 9. a4 b4 10. d4 bxc3 11. bxc3 Bb7 12. Nbd2 h6 13. Ba3 Re8 14. Rb1 Rb8 15.
Nc4 exd4 16. cxd4 d5 17. Bxe7 Nxe7 18. Na5 Nxe4 19. Nxb7 Rxb7 20. Rxe4 dxe4 21.
Bxf7+ Kxf7 22. Ne5+ Kg8 23. Rxb7 Qd6 24. Qb3+ Kh7 25. Qc4 Nf5 26. Qxc7 Qxd4 27.
g4 Rxe5 28. gxf5 Qd1+ 29. Kg2 Qg4+ 30. Kf1 Rxf5 31. Qc2 e3 32. Re7 e2+ 33. Ke1
Qg1+ 0-1

[Event "Autunno Scacchistico Magistrale"]
[Site "Venezia ITA"]
[Date "2004.10.29"]
[Round "1"]
[White "Giuriati, Paolo"]
[Black "Faccia, Sergio"]
[Result "1-0"]
[WhiteElo "2190"]
[BlackElo "2005"]
[PlyCount "93"]
[EventDate "2004.10.29"]

1. d4 e5 2. dxe5 Nc6 3. Nf3 f6 4. exf6 Nxf6 5. Bg5 d5 6. e3 Bg4 7. Be2 Qd7 8.
Nbd2 Be7 9. c3 O-O-O 10. Bxf6 Bxf6 11. Qa4 d4 12. cxd4 Bxd4 13. O-O Bb6 14. Bb5
Qe6 15. Bxc6 bxc6 16. Qa6+ Kb8 17. a4 Rhf8 18. a5 Bc5 19. b4 Bd6 20. Nd4 Bxh2+
21. Kxh2 Rxd4 22. exd4 Be2 23. b5 Qh6+ 24. Kg1 Qxd2 25. Rab1 cxb5 26. Rxb5+
Bxb5 27. Qxb5+ Kc8 28. d5 Qf4 29. Qa6+ Kd8 30. Qxa7 Rf6 31. Qb8+ Kd7 32. Qb5+
Kd8 33. Qb3 h5 34. Qe3 Qf5 35. Re1 Qd7 36. Rb1 Qc8 37. Qg5 Qg4 38. Qe5 Qg6 39.
Rc1 Qf7 40. Qe3 Qd7 41. Rb1 Qc8 42. Qe5 h4 43. Qh5 Qf5 44. Rb8+ Kd7 45. Qe8+
Kd6 46. Qd8+ Qd7 47. a6 1-0

[Event "Autunno Scacchistico Magistrale"]
[Site "Venezia ITA"]
[Date "2004.10.29"]
[Round "1"]
[White "Groszpeter, Attila"]
[Black "Fontana, Enrico"]
[Result "1-0"]
[WhiteElo "2514"]
[BlackElo "2123"]
[PlyCount "65"]
[EventDate "2004.10.29"]

1. e4 c6 2. d4 d5 3. e5 Bf5 4. Nd2 e6 5. Nb3 Nd7 6. Nf3 Qc7 7. Be2 Ne7 8. O-O
c5 9. Nxc5 Nxc5 10. dxc5 Nc6 11. Be3 O-O-O 12. c3 Nxe5 13. Nxe5 Qxe5 14. Qa4
Bxc5 15. Bxc5 Qxe2 16. Bxa7 Qa6 17. Qd4 f6 18. a4 e5 19. Qc5+ Qc6 20. Qe3 Rhe8
21. a5 Kd7 22. Bb6 Ra8 23. Rad1 Ke6 24. f4 e4 25. Rd4 Ke7 26. Rfd1 Be6 27. f5
Bxf5 28. Rxd5 Be6 29. Rc5 Qa4 30. Rc7+ Kf8 31. Rf1 Red8 32. Qc5+ Kg8 33. Rxg7+
1-0

[Event "Autunno Scacchistico Magistrale"]
[Site "Venezia ITA"]
[Date "2004.10.29"]
[Round "1"]
[White "Opacic, Alexandar"]
[Black "Kiss, Pal"]
[Result "1/2-1/2"]
[WhiteElo "2105"]
[BlackElo "2394"]
[PlyCount "65"]
[EventDate "2004.10.29"]

1. e4 c5 2. Nf3 Nc6 3. Bb5 e6 4. O-O Nge7 5. Re1 a6 6. Bf1 d5 7. exd5 Nxd5 8.
d4 Be7 9. c4 Nf6 10. Be3 O-O 11. Nc3 cxd4 12. Nxd4 Bd7 13. Rc1 Qc7 14. h3 Rfd8
15. Qc2 Rac8 16. a3 Nxd4 17. Bxd4 Ba4 18. Qxa4 Rxd4 19. b4 h5 20. c5 h4 21. Qb3
Rcd8 22. Rcd1 Rxd1 23. Nxd1 Nd5 24. Ne3 Qf4 25. Nxd5 Rxd5 26. Qe3 Qxe3 27. Rxe3
Bg5 28. Rd3 Bc1 29. Rxd5 exd5 30. a4 Kf8 31. b5 axb5 32. axb5 Ba3 33. c6
1/2-1/2

[Event "Autunno Scacchistico Magistrale"]
[Site "Venezia ITA"]
[Date "2004.10.29"]
[Round "1"]
[White "Petruk, Mykola"]
[Black "Pechy, Alaster"]
[Result "1/2-1/2"]
[WhiteElo "2009"]
[BlackElo "2154"]
[PlyCount "45"]
[EventDate "2004.10.29"]

1. d4 Nf6 2. c4 g6 3. Nc3 d5 4. cxd5 Nxd5 5. e4 Nxc3 6. bxc3 Bg7 7. Bc4 O-O 8.
Ne2 c5 9. O-O cxd4 10. cxd4 Nc6 11. Be3 Bg4 12. f3 Na5 13. Bb3 Bd7 14. Rb1 a6
15. Bd5 e6 16. Bb3 Bb5 17. Rf2 Nxb3 18. axb3 Rc8 19. Qd2 Bxe2 20. Rxe2 Qd6 21.
Ree1 Rfd8 22. Red1 Rd7 23. Rbc1 1/2-1/2

[Event "Autunno Scacchistico Magistrale"]
[Site "Venezia ITA"]
[Date "2004.10.29"]
[Round "1"]
[White "Rigo, Gianfrancesco"]
[Black "Genna, Jose' Miguel"]
[Result "0-1"]
[WhiteElo "2045"]
[BlackElo "2215"]
[PlyCount "58"]
[EventDate "2004.10.29"]

1. e4 e6 2. d3 d5 3. Nd2 c5 4. Ngf3 Nc6 5. g3 Bd6 6. Bg2 Nge7 7. O-O O-O 8. Re1
Qc7 9. b3 f6 10. Bb2 d4 11. Nc4 e5 12. a4 Be6 13. Nfd2 b6 14. Rf1 a6 15. f4
exf4 16. Nxd6 f3 17. Bxf3 Qxd6 18. Bg4 b5 19. Ba3 Bxg4 20. Qxg4 Ne5 21. Qh3 Qc6
22. Nf3 N7g6 23. Nxe5 Nxe5 24. Rf4 bxa4 25. Rh4 Nf3+ 26. Kg2 Nxh4+ 27. Qxh4
axb3 28. cxb3 Qb5 29. b4 cxb4 0-1

[Event "Autunno Scacchistico Magistrale"]
[Site "Venezia ITA"]
[Date "2004.10.29"]
[Round "1"]
[White "Solinas, Carlo"]
[Black "Mufic, Goran"]
[Result "1/2-1/2"]
[WhiteElo "2094"]
[BlackElo "2320"]
[PlyCount "37"]
[EventDate "2004.10.29"]

1. e4 e6 2. d4 d5 3. Nc3 dxe4 4. Nxe4 Nd7 5. Nf3 Ngf6 6. Bd3 Nxe4 7. Bxe4 Nf6
8. Bd3 b6 9. O-O Bb7 10. Qe2 Be7 11. c3 O-O 12. Rd1 Qd5 13. Bf4 c5 14. c4 Qh5
15. d5 Bd8 16. dxe6 Bxf3 17. exf7+ Rxf7 18. Qxf3 Qxf3 19. gxf3 1/2-1/2

[Event "Autunno Scacchistico Magistrale"]
[Site "Venezia ITA"]
[Date "2004.10.29"]
[Round "1"]
[White "Vancini, Edoardo"]
[Black "Quaranta, Cristiano"]
[Result "1-0"]
[WhiteElo "2288"]
[BlackElo "2091"]
[PlyCount "57"]
[EventDate "2004.10.29"]

1. e4 c5 2. Nc3 Nc6 3. g3 g6 4. Bg2 Bg7 5. d3 e6 6. Be3 d6 7. Qd2 Rb8 8. Nf3
Nd4 9. Bxd4 cxd4 10. Nb5 e5 11. Qb4 Bf8 12. Nxa7 Bd7 13. a4 d5 14. Qb3 Qa5+ 15.
c3 dxc3 16. bxc3 Qxa7 17. Nxe5 Qc5 18. O-O Ne7 19. exd5 Bg7 20. d4 Qd6 21. Nc4
Qf6 22. d6 Nc8 23. Rfe1+ Kd8 24. a5 Bf8 25. a6 Bxd6 26. a7 Ra8 27. Qxb7 Rxa7
28. Rxa7 Nxa7 29. Qb6+ 1-0

[Event "Autunno Scacchistico Magistrale"]
[Site "Venezia ITA"]
[Date "2004.10.30"]
[Round "2"]
[White "Bianchi, Andrea"]
[Black "Doric, Darko"]
[Result "0-1"]
[WhiteElo "2130"]
[BlackElo "2324"]
[PlyCount "80"]
[EventDate "2004.10.29"]

1. e4 c5 2. Nf3 d6 3. d4 cxd4 4. Qxd4 a6 5. c4 Nc6 6. Qd2 g6 7. b3 Bg7 8. Bb2
Nf6 9. Nc3 O-O 10. Bd3 Bg4 11. Ne2 Bxf3 12. gxf3 Ne5 13. Bxe5 dxe5 14. c5 Qc8
15. Qc3 Qh3 16. Ng3 Nh5 17. Bf1 Qh4 18. Nxh5 Qxh5 19. Bc4 Rfd8 20. Bd5 Rd7 21.
Rd1 e6 22. c6 bxc6 23. Bxc6 Rxd1+ 24. Kxd1 Rc8 25. Ke2 Bf8 26. Rc1 Qxh2 27. Qa5
Qf4 28. Rc2 h5 29. Qxa6 Rd8 30. Qa5 Rd4 31. a3 h4 32. b4 h3 33. b5 h2 34. Qe1
Bxa3 35. Ra2 Bb4 36. Qh1 Bc5 37. Rb2 Bb6 38. Ra2 Rb4 39. Rd2 Rb3 40. Rc2 Rxf3
0-1

[Event "Autunno Scacchistico Magistrale"]
[Site "Venezia ITA"]
[Date "2004.10.30"]
[Round "2"]
[White "Bonafede, Alessandro"]
[Black "Gonzales, Guillermo"]
[Result "1-0"]
[WhiteElo "2103"]
[BlackElo "1976"]
[PlyCount "127"]
[EventDate "2004.10.29"]

1. e4 c5 2. Nf3 d6 3. d4 cxd4 4. Nxd4 Nf6 5. Nc3 a6 6. Bc4 e6 7. Bb3 b5 8. Bg5
Be7 9. O-O b4 10. Na4 O-O 11. c3 bxc3 12. Nxc3 Bb7 13. Qe2 Nxe4 14. Nxe4 Bxg5
15. Bxe6 fxe6 16. Nxe6 Qe7 17. N4xg5 h6 18. Nh3 Nd7 19. Rae1 Rf5 20. f4 Nc5 21.
Nxc5 Qxe2 22. Rxe2 Rxc5 23. Rd1 Rd8 24. Red2 Rb5 25. b3 d5 26. Nf2 a5 27. Nd3
d4 28. Ne5 g5 29. Rxd4 Rxd4 30. Rxd4 gxf4 31. Nc4 f3 32. Nd6 Rg5 33. Nxb7 Rxg2+
34. Kf1 Rxa2 35. h4 Ra3 36. Nc5 Ra2 37. Rf4 Rc2 38. Nb7 Rc1+ 39. Kf2 Rc2+ 40.
Kg3 Rg2+ 41. Kxf3 Ra2 42. Ra4 Rh2 43. Nxa5 Rh3+ 44. Kg4 Rd3 45. Rf4 Rd5 46. Nc4
h5+ 47. Kg3 Rd3+ 48. Rf3 Rd4 49. Ne5 Re4 50. Nd7 Kg7 51. Nf6 Re5 52. Nd7 Re4
53. Nc5 Rg4+ 54. Kh3 Rb4 55. Rc3 Kg6 56. Rc4 Rb8 57. b4 Kf7 58. Na6 Rd8 59. b5
Rd3+ 60. Kg2 Rb3 61. Rb4 Ra3 62. b6 Ra2+ 63. Kg3 Ra3+ 64. Kf4 1-0

[Event "Autunno Scacchistico Magistrale"]
[Site "Venezia ITA"]
[Date "2004.10.30"]
[Round "2"]
[White "Cedriano, Filippo"]
[Black "Alberton, Roberto"]
[Result "1/2-1/2"]
[WhiteElo "2062"]
[BlackElo "2125"]
[PlyCount "53"]
[EventDate "2004.10.29"]

1. e4 e6 2. f4 d5 3. e5 c5 4. Nf3 Nc6 5. Be2 Nh6 6. O-O Be7 7. d3 O-O 8. c3 Bd7
9. a4 Rc8 10. Kh1 Qc7 11. Na3 a6 12. Be3 f6 13. exf6 Rxf6 14. g3 Nf5 15. Bg1 d4
16. Nc4 Rh6 17. Qe1 b5 18. axb5 axb5 19. Nce5 Nxe5 20. Nxe5 Be8 21. Ng4 Bc6+
22. Bf3 Rg6 23. Ne5 Bxf3+ 24. Rxf3 Rh6 25. Ng4 Rg6 26. Ne5 Rh6 27. Ng4 1/2-1/2

[Event "Autunno Scacchistico Magistrale"]
[Site "Venezia ITA"]
[Date "2004.10.30"]
[Round "2"]
[White "Cereda, Loris"]
[Black "Vancini, Edoardo"]
[Result "1/2-1/2"]
[WhiteElo "2002"]
[BlackElo "2288"]
[PlyCount "175"]
[EventDate "2004.10.29"]

1. e4 c5 2. Nc3 Nc6 3. f4 g6 4. Bb5 Nd4 5. Nf3 Nxb5 6. Nxb5 d5 7. Nc3 d4 8. Ne2
d3 9. Ng3 h5 10. Ne5 h4 11. Nf1 Bh6 12. Qf3 dxc2 13. Ne3 Nf6 14. Nxc2 Nd7 15.
Nxd7 Qxd7 16. b4 Bg7 17. Rb1 Qa4 18. Qb3 Qxb3 19. axb3 cxb4 20. Nxb4 b6 21. Nd5
Kd7 22. Bb2 Bxb2 23. Rxb2 Bb7 24. Nc3 Rac8 25. Ke2 g5 26. f5 Rhd8 27. Ke3 Ke8
28. Rc2 Rc5 29. d4 Ra5 30. Rhc1 Ra3 31. b4 Rc8 32. Kd2 Rb3 33. b5 Rc4 34. d5 a6
35. bxa6 Bxa6 36. Ra2 Bc8 37. Ne2 Rxc1 38. Nxc1 Rb4 39. Kd3 Kd8 40. Ne2 Bb7 41.
Nd4 Kc7 42. h3 b5 43. Kc3 Rc4+ 44. Kd3 Kb6 45. Rb2 Rc5 46. Nb3 Rc4 47. Nd4 Ba6
48. e5 Kc5 49. Nc6 b4 50. Nxe7 Rg4+ 51. Ke3 Rg3+ 52. Kf2 Bb7 53. f6 Bxd5 54.
Nxd5 Kxd5 55. Rxb4 Kxe5 56. Rb6 Kf5 57. Ra6 Rb3 58. Rc6 Ke5 59. Ra6 Rb4 60. Kf3
Rf4+ 61. Ke3 Kf5 62. Rb6 Kg6 63. Rb8 Rxf6 64. Ke2 Rf4 65. Rg8+ Kf5 66. Rh8 Ra4
67. Kf2 Kf4 68. Rd8 f5 69. Rd3 g4 70. hxg4 fxg4 71. Rd1 Ra2+ 72. Kg1 Ke3 73.
Rf1 Re2 74. Kh1 Rf2 75. Rb1 Rd2 76. Rf1 Ke2 77. Kg1 Rd1 78. Rxd1 Kxd1 79. Kf1
Kd2 80. Kf2 Kd3 81. Kf1 Ke3 82. Ke1 Kf4 83. Kf2 g3+ 84. Kf1 Kf5 85. Kg1 Kg4 86.
Kh1 h3 87. Kg1 h2+ 88. Kh1 1/2-1/2

[Event "Autunno Scacchistico Magistrale"]
[Site "Venezia ITA"]
[Date "2004.10.30"]
[Round "2"]
[White "Faccia, Sergio"]
[Black "Fantini, Lorenzo"]
[Result "1-0"]
[WhiteElo "2005"]
[BlackElo "2117"]
[PlyCount "66"]
[EventDate "2004.10.29"]

1. e4 e5 2. d4 exd4 3. Bc4 Nc6 4. Nf3 Nf6 5. O-O d5 6. exd5 Nxd5 7. Re1+ Be7 8.
Bg5 Nb6 9. Bb3 O-O 10. Bxe7 Nxe7 11. Qxd4 Qxd4 12. Nxd4 Ng6 13. Nd2 Bd7 14. a4
Rae8 15. Nb5 a6 16. Nxc7 Rxe1+ 17. Rxe1 Bxa4 18. Bxa4 Nxa4 19. b3 Rc8 20. Nd5
Nc3 21. Nb6 Rd8 22. Ndc4 Nf4 23. g3 Nfe2+ 24. Kf1 Nd4 25. Re3 Ncb5 26. Re7 Nxc2
27. Rxb7 Nb4 28. Ne5 f6 29. Ned7 Nd4 30. Nc5 a5 31. Nc4 Nbc6 32. Rc7 Rd5 33.
Ne4 Rb5 1-0

[Event "Autunno Scacchistico Magistrale"]
[Site "Venezia ITA"]
[Date "2004.10.30"]
[Round "2"]
[White "Fattorelli, Luciano"]
[Black "Bdair, Bilal"]
[Result "0-1"]
[WhiteElo "2107"]
[BlackElo "2004"]
[PlyCount "66"]
[EventDate "2004.10.29"]

1. e4 c5 2. Nc3 d6 3. g3 Nc6 4. Bg2 g6 5. d3 Bg7 6. Be3 e6 7. Qd2 Rb8 8. a4
Nge7 9. Nge2 Nd4 10. O-O Nec6 11. Nd1 Qa5 12. Nxd4 Qxd2 13. Bxd2 Nxd4 14. Bc3
O-O 15. Bxd4 cxd4 16. c4 dxc3 17. bxc3 Bd7 18. f4 Rfc8 19. d4 a5 20. Ra3 Rc4
21. Ne3 Rxa4 22. Rxa4 Bxa4 23. Ra1 b5 24. Bf1 Rc8 25. Ra3 Bf8 26. d5 Bg7 27. c4
Bb2 28. Ra2 Bd4 29. Kf2 exd5 30. exd5 Re8 31. Ra3 Bc5 32. Rc3 b4 33. Rd3 Bc2
0-1

[Event "Autunno Scacchistico Magistrale"]
[Site "Venezia ITA"]
[Date "2004.10.30"]
[Round "2"]
[White "Fontana, Enrico"]
[Black "Rigo, Gianfrancesco"]
[Result "0-1"]
[WhiteElo "2123"]
[BlackElo "2045"]
[PlyCount "66"]
[EventDate "2004.10.29"]

1. e4 e5 2. Nf3 Nc6 3. Bb5 a6 4. Ba4 Nf6 5. O-O Be7 6. Re1 b5 7. Bb3 d6 8. h3
O-O 9. c3 Na5 10. Bc2 c5 11. d4 Qc7 12. Bg5 Nc4 13. b3 Nb6 14. dxe5 dxe5 15.
Nbd2 Be6 16. Qe2 c4 17. b4 Rfd8 18. Qe3 Nbd7 19. Nf1 Bf8 20. Ng3 h6 21. Bxf6
Nxf6 22. Red1 a5 23. Rxd8 Rxd8 24. bxa5 Bc5 25. Qe1 Qxa5 26. Nxe5 Qc7 27. Nxf7
Bxf7 28. Kh1 Qf4 29. Rd1 Rxd1 30. Qxd1 Qxf2 31. Nf5 Bg6 32. g4 Bxf5 33. gxf5
Nh5 0-1